| 000 -LEADER |
| fixed length control field |
01003nam a2200301Ia 4500 |
| 001 - CONTROL NUMBER |
| control field |
22705 |
| 003 - CONTROL NUMBER IDENTIFIER |
| control field |
GE_BSU |
| 005 - DATE AND TIME OF LATEST TRANSACTION |
| control field |
20230424153525.0 |
| 008 - FIXED-LENGTH DATA ELEMENTS--GENERAL INFORMATION |
| fixed length control field |
181216s ||||ge |||||||||||||| ||eng|| |
| 020 ## - INTERNATIONAL STANDARD BOOK NUMBER |
| International Standard Book Number |
9788376632315:Vol.1:978837663232:Vol.2 |
| 040 ## - CATALOGING SOURCE |
| Transcribing agency |
GE_BSU |
| 050 ## - LIBRARY OF CONGRESS CALL NUMBER |
| Classification number |
eng |
| 080 ## - UNIVERSAL DECIMAL CLASSIFICATION NUMBER |
| Universal Decimal Classification number |
577.3(075.8):61:53 S-20 |
| 100 ## - MAIN ENTRY--PERSONAL NAME |
| Personal name |
Sanikidze,Tamar |
| 9 (RLIN) |
17761 |
| 245 ## - TITLE STATEMENT |
| Title |
Biological and Medical Physics : Vol.2 / |
| Statement of responsibility, etc. |
Tamar Sanikidze, Ramin Antia. |
| 264 ## - PRODUCTION, PUBLICATION, DISTRIBUTION, MANUFACTURE, AND COPYRIGHT NOTICE |
| Place of production, publication, distribution, manufacture |
[Tbilisi] : |
| Name of producer, publisher, distributor, manufacturer |
Publishing house, |
| Date of production, publication, distribution, manufacture, or copyright notice |
2016. |
| 300 ## - PHYSICAL DESCRIPTION |
| Extent |
279 p.: |
| Other physical details |
ill. ; |
| Dimensions |
29cm. |
| 500 ## - GENERAL NOTE |
| General note |
Co-funded by the Tempus Programme of the European union |
| 505 ## - FORMATTED CONTENTS NOTE |
| Formatted contents note |
bibliography p. 279 |
| 653 ## - INDEX TERM--UNCONTROLLED |
| keyword |
Biological and Medical Physics Vol.2 |
| 653 ## - INDEX TERM--UNCONTROLLED |
| keyword |
ბიოლოგია |
| 653 ## - INDEX TERM--UNCONTROLLED |
| keyword |
ბიოლოგიური და სამედიცინო ფიზიკა |
| 653 ## - INDEX TERM--UNCONTROLLED |
| keyword |
მედიცინა |
| 653 ## - INDEX TERM--UNCONTROLLED |
| keyword |
ფიზიკა |
| 700 ## - ADDED ENTRY--PERSONAL NAME |
| Personal name |
Antia, Ramin |
| Dates associated with a name |
by |
| 9 (RLIN) |
17762 |
| 942 ## - ADDED ENTRY ELEMENTS (KOHA) |
| Koha item type |
წიგნი |
| Source of classification or shelving scheme |
|